Technology in American education 1650-1900, (Record no. 34404)
[ view plain ]
| 000 -LEADER | |
|---|---|
| fixed length control field | 02109cam a22003371 4500 |
| 001 - CONTROL NUMBER | |
| control field | hew63000030 |
| 003 - CONTROL NUMBER IDENTIFIER | |
| control field | DLC |
| 005 - DATE AND TIME OF LATEST TRANSACTION | |
| control field | 20260227111512.0 |
| 008 - FIXED-LENGTH DATA ELEMENTS--GENERAL INFORMATION | |
| fixed length control field | 800131s1963 dcua 000 0 eng |
| 010 ## - LIBRARY OF CONGRESS CONTROL NUMBER | |
| LC control number | hew63000030 |
| 035 ## - SYSTEM CONTROL NUMBER | |
| System control number | (OCoLC)5932286 |
| 040 ## - CATALOGING SOURCE | |
| Original cataloging agency | DLC |
| Transcribing agency | ArU |
| Modifying agency | OCoLC |
| -- | DLC |
| 042 ## - AUTHENTICATION CODE | |
| Authentication code | premarc |
| 050 00 - LIBRARY OF CONGRESS CALL NUMBER | |
| Classification number | L111 |
| Item number | .A6 1962, no. 19 |
| 051 ## - LIBRARY OF CONGRESS COPY, ISSUE, OFFPRINT STATEMENT | |
| Classification number | LA206 |
| Item number | .A7 |
| 100 1# - MAIN ENTRY--PERSONAL NAME | |
| Personal name | Anderson, Charnel. |
| 245 10 - TITLE STATEMENT | |
| Title | Technology in American education 1650-1900, |
| Statement of responsibility, etc. | by Charnel Anderson for the Technological Development Project of the National Education Association of the United States. Principal investigator: James D. Finn; associate investigator: Lee E. Campion. |
| 260 ## - PUBLICATION, DISTRIBUTION, ETC. | |
| Place of publication, distribution, etc. | [Washington] |
| Name of publisher, distributor, etc. | U.S. Dept. of Health, Education, and Welfare, Office of Education, |
| Date of publication, distribution, etc. | [1963] |
| 300 ## - PHYSICAL DESCRIPTION | |
| Extent | vi, 53 p. |
| Other physical details | illus. |
| Dimensions | 24 cm. |
| 490 0# - SERIES STATEMENT | |
| Series statement | United States. Office of Education. Bulletin 1962, |
| Volume/sequential designation | no. 19. New media for instruction, 1 |
| 500 ## - GENERAL NOTE | |
| General note | "OE-34018." |
| 500 ## - GENERAL NOTE | |
| General note | First published by National Education Association as Occasional paper no. 1, History of instructional technology, I: technology in American education: 1650-1900, July 1961. |
| 500 ## - GENERAL NOTE | |
| General note | "Prepared under a contract with the United States Office of Education, as authorized under Title VII, part B, of the National defense education act of 1958." |
| 501 ## - WITH NOTE | |
| With note | Copy 1 of L111.A6 with: Financial assistance for college students / Richard C. Mattingly. Washington : U.S. Dept. of Health, Education, and Welfare, Office of Education, 1962. Bound together subsequent to publication. |
| Institution to which field applies | DLC |
| 501 ## - WITH NOTE | |
| With note | Copies 2 and 3 of L111.A6 with: Language laboratory facilities / Alfres S. Hayes -- Survey of educational media research in the Far East / Kokusai Kirisutokyo Daigaku (Japan). Washington : Govt Print. Off., 1963. Bound together subsequent to publication. |
| Institution to which field applies | DLC |
| 650 #0 - SUBJECT ADDED ENTRY--TOPICAL TERM | |
| Topical term or geographic name entry element | Teaching |
| General subdivision | Aids and devices. |
| 650 #0 - SUBJECT ADDED ENTRY--TOPICAL TERM | |
| Topical term or geographic name entry element | Education |
| Geographic subdivision | United States |
| General subdivision | History. |
| 700 1# - ADDED ENTRY--PERSONAL NAME | |
| Personal name | Finn, James D. |
| 700 1# - ADDED ENTRY--PERSONAL NAME | |
| Personal name | Campion, Lee E. |
| 710 2# - ADDED ENTRY--CORPORATE NAME | |
| Corporate name or jurisdiction name as entry element | National Education Association of the United States. |
| Subordinate unit | Technological Development Project. |
| -- | Occasional paper, no. 1. |
No items available.